HPLC separácia enantiomérov vybraných organických kyselín CD-ROM

Salvato in:
Dettagli Bibliografici
Autore principale: Komanová, Marcela
Natura: Libro
Lingua:slovacco
Pubblicazione: Bratislava STU v Bratislave FCHPT 2005
Accesso online:Visualizza in OPAC
Tags: Aggiungi Tag
Nessun Tag, puoi essere il primo ad aggiungerne!!

MARC

LEADER 00000nam a2200000 a 4500
005 20260127133934.0
008 050615 2005 xo 000 0 slo d
035 |a vtls008160377 
039 9 |a 200506151144  |b mschk03  |y 200506151023  |z mschk03 
040 |a STUSCHK1  |b slo  |c STUSCHK1  |e AACR2 
100 1 |a Komanová, Marcela 
245 1 |a HPLC separácia enantiomérov vybraných organických kyselín  |b CD-ROM 
260 |a Bratislava  |b STU v Bratislave FCHPT  |c 2005 
300 |a 69 s. 
500 |a Obháj.: 6.6. 2005 
500 |a Špec.: Analytická chémia 
910 |a SCHK95 
999 |c 463  |d 463